000 00669nam a2200241Ia 4500
003 OSt
005 20220924125224.0
006 a|||||r|||| 00| 0
007 ta
008 220923b |||||||| |||| 00| 0 san d
024 _a74564
037 _cTextual
040 _aARTS
_cARTS
_bsan
041 _2san
_asan
082 _aR65, 15L1 (P15)
100 _aGovind Das
_9101558
245 0 _aAthato Braham Jijayasa
260 _aPrayag
_bNimbarka ength
_c1971
650 _aVEDANTA PHILOSOPHY
_92484
700 _a Chaturvedi K K
_9197820
942 _hR65, 15L1 (P15)
_cTEXL
_2CC
999 _c422141
_d422141